| 000 | 01291nam a22004097a 4500 | ||
|---|---|---|---|
| 001 | 0045498 | ||
| 003 | KOHA_MİRAKIL | ||
| 005 | 20260207003447.0 | ||
| 007 | ta | ||
| 008 | 140123b1975 tu |||gr||||#||||1|tur | | ||
| 040 |
_aTR-BiSEU _btur _cTR-BiSEU _erda |
||
| 041 | 0 | _atur | |
| 044 | _ctu | ||
| 050 |
_aPL175 _b.T36 1975 |
||
| 100 | 1 | _aTansel, Fevziye Abdullah. | |
| 245 | 1 |
_aİyi ve doğru yazma usûlleri/ _cFevziye Abdullah Tansel ; Fevziye Abdullah Tansel. |
|
| 264 | 1 |
_aAnkara : _bÖtüken Yayınevi _c1975 |
|
| 300 |
_a486 sayfa ; _c21 cm. |
||
| 336 |
_ametin _btxt _2rdacontent |
||
| 337 |
_aaracısız _bn _2rdamedia |
||
| 338 |
_acilt _bnc _2rdacarrier |
||
| 490 | 1 |
_aÖtüken Yayınları ; _vNu. |
|
| 490 | 1 | _a77. | |
| 490 | 1 |
_aYardımcı Ders Kitap Serisi ; _vNu. |
|
| 490 | 1 | _a4. | |
| 500 | _aKaynakça var. | ||
| 500 | _aDizin var. | ||
| 650 | 0 |
_aTürk dili--Kompozisyon ve alıştırmalar. _912724 |
|
| 650 | 0 |
_aTurkish language--Composition and exercises. _912727 |
|
| 650 | 0 |
_aTürk dili--İmla. _983859 |
|
| 650 | 0 |
_aTurkish language--Orthography and spelling. _946471 |
|
| 830 | 1 |
_aÖtüken Yayınları ; _vNu. _910154 |
|
| 830 | 1 |
_a77. _910878 |
|
| 830 | 1 |
_aYardımcı Ders Kitap Serisi ; _vNu. _983860 |
|
| 830 | 1 |
_a4. _98177 |
|
| 942 |
_2lcc _cBK |
||
| 999 |
_c45467 _d45467 |
||